Vysoké školy
Rebríček najlepších fakúlt na Slovensku v roku 2011 - hodnotenie ARRA. Ako zareagovali vysoké školy na financovanie podľa počtu študentov. Aj Slovensko má vedecké tímy medzinárodnej kvality - vďaka navrátilcom zo zahraničia. Zoznam vedeckých tímov SAV špičkovej úrovne. Prezenácia vysokých škôl na Sl...
Salvato in:
| Natura: | Capitolo di libro |
|---|---|
| Lingua: | slovacco |
| Soggetti: | |
| Tags: |
Nessun Tag, puoi essere il primo ad aggiungerne!!
|
MARC
| LEADER | 00000naa a2200000 4500 | ||
|---|---|---|---|
| 001 | 0144721 | ||
| 005 | 20231113073632.7 | ||
| 041 | 0 | |a slo | |
| 044 | |a SK | ||
| 245 | 1 | 0 | |a Vysoké školy |
| 520 | |a Rebríček najlepších fakúlt na Slovensku v roku 2011 - hodnotenie ARRA. Ako zareagovali vysoké školy na financovanie podľa počtu študentov. Aj Slovensko má vedecké tímy medzinárodnej kvality - vďaka navrátilcom zo zahraničia. Zoznam vedeckých tímov SAV špičkovej úrovne. Prezenácia vysokých škôl na Slovensku. | ||
| 610 | 2 | 0 | |a školy vysoké |
| 610 | 2 | 0 | |a hodnotenie pracoviska |
| 610 | 2 | 0 | |a kvalita |
| 610 | 2 | 0 | |a Slovensko |
| 610 | 2 | 0 | |a 2011 |